000 00906nam0a22002651 4500
001 rc\724286
005 20250621230604.0
010 _a5-03-003185-5
_910000
035 _a(NLR Aleph) 005967527
090 _a6908677
_c6908677
100 _a20031121d1997 |||y0rusy50 ca
101 0 _arus
102 _aRU
105 _aa |||||||||
200 1 _aРим, папы и призраки
_eФантаст. роман
_fДжон Уитборн
_gПер. с англ. Ю.Р. Соколова
_g[Худож. К.А. Сошинская]
210 _aМ.
_cМир
_d1997
215 _a367 с.
_cил.
_d17
225 1 _aЗарубежная фантастика
300 _aПер. изд.: Popes and phantoms / John Whitbourn. - London: Gollancz, 1993
700 1 _aУитборн
_bД.
_gДжон
801 0 _aRU
_bNLR
_gpsbo
801 1 _aRU
_bELAR
_2rusmarc
852 _aNLR
_j97-2/1104
942 _cBOOK
980 _aNB